Sociálne aspekty manažmentu

Manažérske funkcie. Klasická a nová škola manažmentu. Súbor behavioristických techník, ktoré poskytujú manažérom pomôcku pri zvládaní ťaživých, stresových alebo konfliktných situácií na pracovisku.

Salvato in:
Dettagli Bibliografici
Autore principale: Poniščiaková, Oľga
Natura: Capitolo di libro
Lingua:slovacco
Soggetti:
Tags: Aggiungi Tag
Nessun Tag, puoi essere il primo ad aggiungerne!!

MARC

LEADER 00000naa a2200000 4500
001 0181570
005 20231120134233.6
041 0 |a slo 
044 |a SK 
245 1 0 |a Sociálne aspekty manažmentu  |c Oľga Poniščiaková 
520 |a Manažérske funkcie. Klasická a nová škola manažmentu. Súbor behavioristických techník, ktoré poskytujú manažérom pomôcku pri zvládaní ťaživých, stresových alebo konfliktných situácií na pracovisku. 
610 2 0 |a manažment 
610 2 0 |a technika riadenia 
100 1 |a Poniščiaková, Oľga